Los rusos en Yugoslavia / (Record no. 77464)

MARC details
000 -LEADER
campo de control de longitud fija 00463nam a2200169 i 4500
001 - NÚMERO DE CONTROL
campo de control 77464
003 - IDENTIFICADOR DE NÚMERO DE CONTROL
campo de control ES-MaACL
005 - FECHA Y HORA DE LA ÚLTIMA TRANSACCIÓN
campo de control 20230906173225.0
007 - CAMPO FIJO DE DESCRIPCIÓN FÍSICA--INFORMACIÓN GENERAL
campo de control de longitud fija t|
008 - DATOS DE LONGITUD FIJA--INFORMACIÓN GENERAL
campo de control de longitud fija 041018s1966 sp ||||1| rus d
100 1# - ENTRADA PRINCIPAL--NOMBRE DE PERSONA
Nombre de persona Maevskii, Vladimir.
9 (RLIN) 75419
245 14 - MENCIÓN DEL TÍTULO
Título Los rusos en Yugoslavia /
Mención de responsabilidad, etc. Vl. Maevskii.
260 ## - PUBLICACIÓN, DISTRIBUCIÓN, ETC.
Lugar de publicación, distribución, etc. [Madrid :
Nombre del editor, distribuidor, etc. s.n.],
Fecha de publicación, distribución, etc. 1966 (
Fabricante Galo Sèz)
300 ## - DESCRIPCIÓN FÍSICA
Extensión 362 p., 2 h. ;
Dimensiones 23 cm.
500 ## - NOTA GENERAL
Nota general Texto en ruso.
852 ## - LOCALIZACIÓN
Ubicación ES-MaACL
Número de control de estantería C-30172
Sublocalización o colección R.59762
Holdings
Estatus retirado Estado de pérdida Estado de daño No para préstamo Biblioteca de origen Biblioteca actual Ubicación en estantería Fecha de adquisición Fuente de adquisición Total de préstamos Signatura topográfica completa Código de barras Visto por última vez Precio de reemplazo Tipo de ítem Koha
        Biblioteca del Ateneo de Madrid Biblioteca del Ateneo de Madrid Depósito 2 17/01/2008     C-30172 1081046 23/02/2023 23/02/2023 Libro impreso